[Event "CAN-ch w"]
[Site "Toronto CAN"]
[Date "2023.04.08"]
[Round "4.1"]
[White "Demchenko, Svitlana"]
[Black "D'Souza, Carina"]
[Result "0-1"]
[WhiteElo "2320"]
[BlackElo "1901"]
[PlyCount "150"]
[EventDate "2023.04.06"]
[EventType "swiss"]
[EventRounds "9"]
[EventCountry "CAN"]
[TimeControl "90"]

1. d4 Nf6 2. c4 g6 3. Nc3 Bg7 4. e4 d6 5. Be2 O-O 6. h4 c5 7. d5 e6 8. h5 exd5
9. exd5 Re8 10. Kf1 Nbd7 11. hxg6 fxg6 12. Nf3 Ne5 13. Bg5 Bg4 14. Qd2 Nf7 15.
Bf4 Nh5 16. Be3 Qf6 17. Kg1 Re7 18. Re1 Rae8 19. Bd1 h6 20. Nh2 Bxd1 21. Rxd1
g5 22. Ng4 Qg6 23. Rh3 Ne5 24. Nxe5 Bxe5 25. Qd3 Kg7 26. Bd2 a6 27. b3 Nf4 28.
Bxf4 Bxf4 29. Qxg6+ Kxg6 30. g3 Re1+ 31. Kg2 Rxd1 32. Nxd1 Bd2 33. g4 Re1 34.
Nc3 Bf4 35. Rd3 h5 36. gxh5+ Kxh5 37. Rd1 Rxd1 38. Nxd1 Kg4 39. Nc3 Kf5 40. Kf3
g4+ 41. Ke2 Ke5 42. Kd3 g3 43. fxg3 Bxg3 44. Na4 Be1 45. Nb6 Bh4 46. Nd7+ Kf5
47. Nf8 Bg5 48. Ne6 Bh4 49. Ke3 Ke5 50. Kf3 Kf5 51. Ng7+ Ke5 52. Kg4 Bd8 53.
Ne6 Ba5 54. Kg5 b5 55. Kg6 bxc4 56. bxc4 Ke4 57. Kf7 Be1 58. Nc7 Kd4 59. Ke6
Kxc4 60. Ne8 Kb4 61. Nxd6 c4 62. Nf5 c3 63. Ne3 Bh4 64. Ke5 Ka3 65. Ke4 Kxa2
66. Kd3 Kb3 67. d6 a5 68. d7 a4 69. Nc2 Bf6 70. Na1+ Ka2 71. d8=Q Bxd8 72. Kxc3
Ba5+ 73. Kc4 Kxa1 74. Kb5 a3 75. Kxa5 Kb2 0-1

[Event "CAN-ch w"]
[Site "Toronto CAN"]
[Date "2023.04.08"]
[Round "4.2"]
[White "Jiang, Hancy"]
[Black "Chen, Rachel Ruoxuan"]
[Result "1-0"]
[WhiteElo "1803"]
[BlackElo "1975"]
[PlyCount "129"]
[EventDate "2023.04.06"]
[EventType "swiss"]
[EventRounds "9"]
[EventCountry "CAN"]

1. Nf3 d5 2. d4 Nf6 3. c4 e6 4. g3 Bb4+ 5. Nc3 O-O 6. Bg2 dxc4 7. O-O Nc6 8. a3
Be7 9. e3 Na5 10. Nd2 c5 11. dxc5 Bxc5 12. Qe2 Nd5 13. Nce4 Be7 14. Nxc4 Nxc4
15. Qxc4 Bd7 16. Bd2 Rc8 17. Qb3 Bc6 18. Rfd1 Qd7 19. a4 Rfd8 20. Be1 Qe8 21.
Nc3 Nf6 22. Nb5 Bxg2 23. Kxg2 Qc6+ 24. Kg1 Rxd1 25. Qxd1 Rd8 26. Qe2 a6 27. Nd4
Qd7 28. b3 Nd5 29. Rc1 Bf6 30. Nf3 Rc8 31. Rc4 Nb6 32. Rc2 h6 33. h4 Rc6 34.
Ba5 Nd5 35. Qd3 Qc8 36. Rxc6 Qxc6 37. Bd2 Nc7 38. Ne1 Nd5 39. Qc2 Qxc2 40. Nxc2
Kf8 41. h5 Ke7 42. Kf1 Kd6 43. Ke2 Kc5 44. Kd3 Be7 45. e4 Bf6 46. exd5 Kxd5 47.
Be3 e5 48. Nb4+ Ke6 49. Nc2 Be7 50. g4 f5 51. f3 e4+ 52. fxe4 fxg4 53. Bf4 Kf7
54. Ne3 g6 55. Nxg4 gxh5 56. Nxh6+ Ke6 57. Nf5 Bf6 58. Bg3 Bh8 59. Bh4 Be5 60.
Ng3 Kd6 61. Nxh5 Kc5 62. Bf6 Bc7 63. Bc3 b5 64. b4+ Kc6 65. a5 1-0

[Event "CAN-ch w"]
[Site "Toronto CAN"]
[Date "2023.04.08"]
[Round "4.3"]
[White "Yang, Jing Yao"]
[Black "Deepak, Laksshana"]
[Result "0-1"]
[WhiteElo "1606"]
[BlackElo "1792"]
[PlyCount "70"]
[EventDate "2023.04.06"]
[EventType "swiss"]
[EventRounds "9"]
[EventCountry "CAN"]

1. d4 Nf6 2. c4 g6 3. Nc3 d5 4. Bg5 c6 5. Bxf6 exf6 6. cxd5 cxd5 7. e3 Bg7 8.
g3 Nc6 9. Qb3 Ne7 10. Bg2 Be6 11. Nge2 Qd7 12. Nf4 Rd8 13. Rc1 O-O 14. Nd3 b6
15. O-O Rc8 16. Nb5 Rc4 17. Na3 Rfc8 18. Nxc4 dxc4 19. Qa3 cxd3 20. Rxc8+ Nxc8
21. Qxd3 Ne7 22. d5 Qd6 23. Rd1 Bd7 24. Qa6 Qb8 25. Bf1 Nc8 26. Bb5 Bxb5 27.
Qxb5 Nd6 28. Qd7 Nb7 29. b4 Bf8 30. Rc1 Nd6 31. Rc7 a5 32. b5 f5 33. f3 Qe8 34.
Qxe8 Nxe8 35. e4 Nxc7 0-1

[Event "CAN-ch w"]
[Site "Toronto CAN"]
[Date "2023.04.08"]
[Round "4.4"]
[White "Gavrileva, Anna"]
[Black "Xie, Irene"]
[Result "0-1"]
[WhiteElo "1381"]
[BlackElo "1676"]
[PlyCount "70"]
[EventDate "2023.04.06"]
[EventType "swiss"]
[EventRounds "9"]
[EventCountry "CAN"]

1. d4 e6 2. Bf4 Nf6 3. Nd2 d5 4. e3 Nbd7 5. Bd3 b6 6. Ngf3 Bb7 7. Rc1 c5 8. c3
c4 9. Bc2 Rc8 10. Qe2 Nh5 11. Bg5 Be7 12. Bxe7 Qxe7 13. e4 Nf4 14. Qf1 dxe4 15.
Nxe4 e5 16. d5 Bxd5 17. g3 Bxe4 18. Bxe4 Nd3+ 19. Kd2 Nxc1 20. Kxc1 O-O 21. Qh3
g6 22. Rd1 Nc5 23. Bc2 e4 24. Nd2 Nd3+ 25. Bxd3 cxd3 26. Qg4 f5 27. Qf4 Qf6 28.
h4 Rxc3+ 29. Kb1 Rc2 30. Nc4 Rxc4 31. Rc1 Rxc1+ 32. Qxc1 Qe6 33. Qh6 Qc4 34.
Qd2 Rc8 35. h5 Qc2+ 0-1

[Event "CAN-ch w"]
[Site "Toronto CAN"]
[Date "2023.04.08"]
[Round "4.5"]
[White "Zhao, Erin"]
[Black "Ambilwade, Ojal"]
[Result "1-0"]
[WhiteElo "1592"]
[BlackElo "1535"]
[PlyCount "89"]
[EventDate "2023.04.06"]
[EventType "swiss"]
[EventRounds "9"]
[EventCountry "CAN"]

1. e4 c5 2. Nf3 d6 3. d4 cxd4 4. Nxd4 Nf6 5. Nc3 a6 6. Be2 e6 7. O-O Be7 8. Be3
O-O 9. f4 Nc6 10. Qd2 Qc7 11. Nb3 b5 12. a3 Bb7 13. Bf3 Rfd8 14. Qf2 Rd7 15.
Rad1 Qb8 16. Nd4 Nxd4 17. Bxd4 e5 18. Be3 Qf8 19. Rfe1 Bd8 20. f5 g6 21. g4 Qg7
22. Kh1 g5 23. h4 h6 24. hxg5 hxg5 25. Qd2 Nh7 26. Kg2 f6 27. Rh1 Qf8 28. Nd5
Rc8 29. c3 Rg7 30. Qc2 Bxd5 31. Rxd5 Rc6 32. Rhd1 Be7 33. Be2 Qf7 34. Qb3 Kf8
35. a4 Qe8 36. axb5 axb5 37. Bxb5 Qb8 38. Qa4 Rc7 39. Ra1 Kf7 40. Qc2 Rb7 41.
Qd3 Rg8 42. Rh1 Nf8 43. Bf2 Rg7 44. Qc4 Rc7 45. Rc5+ 1-0

[Event "CAN-ch w"]
[Site "Toronto CAN"]
[Date "2023.04.08"]
[Round "4.6"]
[White "Qian, Ashley"]
[Black "Ruchinskaya, Valerie"]
[Result "0-1"]
[WhiteElo "1784"]
[BlackElo "1875"]
[PlyCount "64"]
[EventDate "2023.04.06"]
[EventType "swiss"]
[EventRounds "9"]
[EventCountry "CAN"]

1. e4 e6 2. d4 d5 3. Nd2 Nf6 4. e5 Nfd7 5. Bd3 c5 6. c3 Nc6 7. Ne2 cxd4 8. cxd4
f6 9. exf6 Nxf6 10. Nf3 Bd6 11. O-O Qc7 12. Bg5 O-O 13. Rc1 h6 14. Bh4 Nh5 15.
Nc3 a6 16. Bb1 Nf4 17. Qc2 g5 18. Bg3 Qf7 19. Rcd1 Bd7 20. h4 Qg7 21. hxg5 hxg5
22. Nxg5 Rf5 23. Nf3 Raf8 24. Nh4 Rg5 25. Qd2 Rh5 26. Ng6 Qh6 27. Nh4 Rxh4 28.
Bxh4 Qxh4 29. f3 Ne2+ 30. Nxe2 Bh2+ 31. Kh1 Bg3+ 32. Kg1 Qh2# 0-1

[Event "CAN-ch w"]
[Site "Toronto CAN"]
[Date "2023.04.08"]
[Round "4.7"]
[White "Zhong, April"]
[Black "Fiset, Anais Chloe"]
[Result "1/2-1/2"]
[WhiteElo "1894"]
[BlackElo "1634"]
[PlyCount "80"]
[EventDate "2023.04.06"]
[EventType "swiss"]
[EventRounds "9"]
[EventCountry "CAN"]

1. e4 c6 2. d4 d5 3. Nc3 dxe4 4. Nxe4 Nf6 5. Nxf6+ exf6 6. c3 Bf5 7. Ne2 Bd6 8.
Ng3 Be6 9. Be3 O-O 10. Bd3 Re8 11. O-O g6 12. c4 f5 13. Ne2 f4 14. Nxf4 Bxf4
15. Bxf4 Qxd4 16. Be3 Qh4 17. Qc2 Nd7 18. Qc3 Rad8 19. Rad1 Bg4 20. Rd2 Ne5 21.
Be2 Bxe2 22. Rxe2 Qxc4 23. Rc2 Qxc3 24. bxc3 b6 25. Bg5 Rd5 26. h4 Nc4 27. g3
Kg7 28. Kg2 b5 29. g4 f6 30. Bc1 Rd3 31. Rh1 Re4 32. f3 Ne3+ 33. Kf2 Nxc2 34.
fxe4 Kf7 35. g5 Rd6 36. Ke2 b4 37. Bb2 bxc3 38. Bxc3 Nd4+ 39. Ke3 c5 40. Rf1 f5
1/2-1/2

[Event "CAN-ch w"]
[Site "Toronto CAN"]
[Date "2023.04.08"]
[Round "4.8"]
[White "Li, Yeeshuen"]
[Black "Guan, Marie"]
[Result "1-0"]
[WhiteElo "1078"]
[BlackElo "1083"]
[PlyCount "117"]
[EventDate "2023.04.06"]
[EventType "swiss"]
[EventRounds "9"]
[EventCountry "CAN"]

1. e4 e6 2. d4 d5 3. Bd3 c5 4. c3 cxd4 5. cxd4 dxe4 6. Bxe4 Nf6 7. Bf3 Bd6 8.
Nc3 O-O 9. Nge2 a6 10. Ne4 Nxe4 11. Bxe4 Qc7 12. Qd3 f5 13. Bf3 Nc6 14. a3 Rd8
15. Bg5 Be7 16. Bxe7 Qxe7 17. Bxc6 bxc6 18. Rc1 c5 19. O-O Qa7 20. Rfd1 cxd4
21. Nxd4 e5 22. Qc4+ Qf7 23. Qxf7+ Kxf7 24. Nc6 Rxd1+ 25. Rxd1 Be6 26. Nxe5+
Kf6 27. Nf3 Rb8 28. Rd2 a5 29. Kf1 Bc4+ 30. Ke1 Re8+ 31. Kd1 Bb3+ 32. Kc1 Rc8+
33. Kb1 Kg6 34. Nd4 Bd5 35. f3 Rd8 36. Kc2 Kf6 37. Kd3 Rd7 38. Ke3 a4 39. Ne2
Ke5 40. Nf4 g5 41. Rxd5+ Rxd5 42. Nxd5 Kxd5 43. Kd3 f4 44. Kc3 g4 45. Kd3 gxf3
46. gxf3 h5 47. h4 Ke5 48. Kc4 Kf5 49. Kd5 Kf6 50. Ke4 Ke6 51. Kxf4 Kf6 52. Ke4
Ke6 53. f4 Kf6 54. f5 Kf7 55. Ke5 Ke7 56. f6+ Kf7 57. Kf5 Ke8 58. Kg6 Kf8 59.
f7 1-0

[Event "CAN-ch w"]
[Site "Toronto CAN"]
[Date "2023.04.08"]
[Round "4.9"]
[White "Guan, Isabelle"]
[Black "Shtepa, Luba"]
[Result "1-0"]
[WhiteElo "1221"]
[BlackElo "903"]
[PlyCount "65"]
[EventDate "2023.04.06"]
[EventType "swiss"]
[EventRounds "9"]
[EventCountry "CAN"]

1. e4 e5 2. Nf3 Nc6 3. Bc4 Nf6 4. d3 Bc5 5. Nc3 d6 6. h3 h6 7. Bb5 Bd7 8. Bc4
O-O 9. g4 Nd4 10. g5 Nxf3+ 11. Qxf3 hxg5 12. Bxg5 Be6 13. Rg1 Kh8 14. Qg3 g6
15. Qh4+ Kg7 16. Qh6+ Kg8 17. Qh4 Kg7 18. Bh6+ Kg8 19. Bxf8 Kxf8 20. Bxe6 fxe6
21. Rxg6 Ng8 22. Qh7 Ne7 23. Rf6+ Ke8 24. Qf7+ Kd7 25. Qxe6+ Ke8 26. Nd5 Qd7
27. Rf8+ Kxf8 28. Qxd7 Nxd5 29. exd5 Bb6 30. Qh7 Re8 31. Kd2 Re7 32. Qh8+ Kf7
33. Rg1 1-0

[Event "CAN-ch w"]
[Site "Toronto CAN"]
[Date "2023.04.08"]
[Round "5.1"]
[White "D'Souza, Carina"]
[Black "Deepak, Laksshana"]
[Result "1-0"]
[WhiteElo "1901"]
[BlackElo "1792"]
[PlyCount "81"]
[EventDate "2023.04.06"]
[EventType "swiss"]
[EventRounds "9"]
[EventCountry "CAN"]

1. e4 c5 2. Nf3 d6 3. Bb5+ Bd7 4. Bxd7+ Qxd7 5. c4 g6 6. d4 cxd4 7. Nxd4 Bg7 8.
O-O Nc6 9. Be3 Ne5 10. b3 Nc6 11. Nc3 e6 12. Rc1 Nf6 13. f3 O-O 14. Qd2 Ne8 15.
Rfd1 f5 16. Ndb5 Bxc3 17. Rxc3 fxe4 18. fxe4 Rd8 19. Nxa7 Nf6 20. Qc2 Nxa7 21.
Bxa7 Qc6 22. Bd4 e5 23. Be3 Nxe4 24. Rcd3 Nf6 25. Qe2 Rd7 26. Bh6 Rff7 27. Re1
Nh5 28. Qe4 Qb6+ 29. Qe3 Qa5 30. Qd2 Qb6+ 31. Be3 Qc6 32. Rd1 Rf6 33. c5 Nf4
34. Bxf4 Rxf4 35. cxd6 Qc5+ 36. Qe3 Qc2 37. R3d2 Qf5 38. Re1 Rf7 39. h3 Kf8 40.
Qxe5 Qd7 41. Qh8# 1-0

[Event "CAN-ch w"]
[Site "Toronto CAN"]
[Date "2023.04.08"]
[Round "5.2"]
[White "Xie, Irene"]
[Black "Jiang, Hancy"]
[Result "0-1"]
[WhiteElo "1676"]
[BlackElo "1803"]
[PlyCount "158"]
[EventDate "2023.04.06"]
[EventType "swiss"]
[EventRounds "9"]
[EventCountry "CAN"]

1. e4 c6 2. d4 d5 3. exd5 cxd5 4. Bd3 Nf6 5. c3 Nc6 6. Bf4 g6 7. Nf3 Bf5 8.
Bxf5 gxf5 9. Ne5 e6 10. Nd2 Be7 11. Qb3 Qc8 12. Qd1 Rg8 13. g3 b5 14. Qb3 Qb7
15. a4 b4 16. Nxc6 Qxc6 17. cxb4 Qb6 18. Qd3 Bxb4 19. Rb1 Nh5 20. Be3 f4 21.
Bxf4 Nxf4 22. gxf4 f5 23. Ke2 Bxd2 24. Qxd2 Qa6+ 25. Kf3 Qxa4 26. Qe3 Kd7 27.
Rhe1 Rge8 28. Rbc1 a5 29. Qe5 Ra7 30. Rc5 Qb3+ 31. Qe3 Qxe3+ 32. fxe3 Rb8 33.
Rg1 Kd6 34. Rg2 a4 35. h3 Rb3 36. Rgc2 h5 37. h4 Rbb7 38. Rc6+ Kd7 39. R6c3 Kd6
40. Rc6+ Ke7 41. Rg2 Kd7 42. Rcc2 Kd6 43. Rg5 Rb3 44. Rgg2 Rab7 45. Rgf2 Rg7
46. Rg2 Rxg2 47. Rxg2 Kc6 48. Rc2+ Kb5 49. Rc5+ Kb4 50. Rc2 Ka5 51. Ke2 Rb4 52.
Rc5+ Kb6 53. Rc2 Rc4 54. Kd3 Rb4 55. Ke2 Rb5 56. Kd3 Ka5 57. Kc3 Rb8 58. Rd2
Rb3+ 59. Kc2 Rxe3 60. Rg2 Re4 61. Rg6 Rxd4 62. Rxe6 Rxf4 63. Re5 Kb4 64. Rxd5
Rc4+ 65. Kb1 Rc5 66. Rd4+ Rc4 67. Rd5 Rf4 68. Ka2 Kc4 69. Ra5 Kd3 70. Re5 Kd4
71. Ra5 Ke3 72. Ka3 Kf2 73. Rxa4 Rxa4+ 74. Kxa4 Kg2 75. b4 f4 76. b5 f3 77. b6
f2 78. b7 f1=Q 79. b8=Q Qa1+ 0-1

[Event "CAN-ch w"]
[Site "Toronto CAN"]
[Date "2023.04.08"]
[Round "5.3"]
[White "Chen, Rachel Ruoxuan"]
[Black "Demchenko, Svitlana"]
[Result "0-1"]
[WhiteElo "1975"]
[BlackElo "2320"]
[PlyCount "76"]
[EventDate "2023.04.06"]
[EventType "swiss"]
[EventRounds "9"]
[EventCountry "CAN"]

1. e4 e5 2. Nf3 Nc6 3. Bc4 Nf6 4. d3 Bc5 5. c3 a6 6. a4 d6 7. O-O h6 8. Re1 Ba7
9. h3 O-O 10. Nbd2 Ne7 11. Nf1 Ng6 12. Ng3 c6 13. Ba2 d5 14. exd5 Nxd5 15. d4
exd4 16. Nxd4 Ndf4 17. Qf3 Ne6 18. Ndf5 Ng5 19. Qh5 Qf6 20. Bxg5 hxg5 21. Ne4
Qxf5 22. Nxg5 Qxf2+ 23. Kh1 Qxg2+ 24. Kxg2 Nf4+ 25. Kh1 Nxh5 26. Nxf7 Kh7 27.
Bb1+ g6 28. Re7 Kg7 29. Nd6+ Kf6 30. Nxc8 Raxc8 31. Rxb7 Rf7 32. Rb4 Re7 33.
Bd3 Rd8 34. Bxa6 Rd2 35. Rf1+ Kg7 36. Rg4 Re3 37. Rh4 Ng3+ 38. Kg1 Ree2+ 0-1

[Event "CAN-ch w"]
[Site "Toronto CAN"]
[Date "2023.04.08"]
[Round "5.4"]
[White "Ruchinskaya, Valerie"]
[Black "Zhao, Erin"]
[Result "1-0"]
[WhiteElo "1875"]
[BlackElo "1559"]
[PlyCount "75"]
[EventDate "2023.04.06"]
[EventType "swiss"]
[EventRounds "9"]
[EventCountry "CAN"]

1. d4 d5 2. c4 c6 3. cxd5 cxd5 4. Bf4 Nf6 5. Nc3 Nc6 6. e3 a6 7. Nf3 Bg4 8. Be2
e6 9. O-O Bd6 10. Bg3 O-O 11. Ne5 Bxe2 12. Qxe2 Rc8 13. Rfc1 Qc7 14. f4 Qe7 15.
Bh4 Rfe8 16. Na4 g6 17. Ng4 Qd8 18. Nxf6+ Kg7 19. Nxe8+ Qxe8 20. Nc5 Be7 21.
Bxe7 Qxe7 22. Rc3 Na5 23. Rac1 Rd8 24. b3 Ra8 25. Nd3 Nc6 26. Ne5 Nxe5 27. fxe5
Rd8 28. Qf3 Rd7 29. Rf1 Kg8 30. Rc8+ Kg7 31. Qf6+ Qxf6 32. exf6+ Kh6 33. h4 b5
34. Rfc1 g5 35. Rg8 gxh4 36. Kf2 h3 37. Rh1 a5 38. Rxh3# 1-0

[Event "CAN-ch w"]
[Site "Toronto CAN"]
[Date "2023.04.08"]
[Round "5.5"]
[White "Yang, Jing Yao"]
[Black "Gavrileva, Anna"]
[Result "1-0"]
[WhiteElo "1606"]
[BlackElo "1381"]
[PlyCount "107"]
[EventDate "2023.04.06"]
[EventType "swiss"]
[EventRounds "9"]
[EventCountry "CAN"]

1. d4 d5 2. Bf4 Nf6 3. Nf3 c5 4. e3 Nc6 5. c3 Qb6 6. Qc2 cxd4 7. exd4 Bf5 8.
Qb3 e6 9. Nbd2 Qxb3 10. axb3 Be7 11. Bb5 O-O 12. b4 Rfc8 13. O-O h6 14. h3 a6
15. Bxc6 Rxc6 16. Ne5 Rcc8 17. Ra2 Rd8 18. Nb3 Ne4 19. Rfa1 f6 20. Nf3 Bd6 21.
Bxd6 Nxd6 22. Nc5 Ra7 23. g4 Be4 24. Nd2 Kf7 25. Re1 f5 26. f3 Bc2 27. Rc1 fxg4
28. Rxc2 gxh3 29. Rc1 Raa8 30. Re1 Re8 31. Raa1 g5 32. Kh2 Re7 33. Kxh3 Rae8
34. Re5 Kf6 35. Rae1 Nf7 36. R5e2 h5 37. Nd3 Kf5 38. Ne5 g4+ 39. fxg4+ hxg4+
40. Kg3 Nh6 41. Rh1 Kg5 42. Reh2 Nf5+ 43. Kg2 Rg8 44. Rh8 Rgg7 45. Nf1 Kf4 46.
Nd3+ Ke4 47. Nf2+ Kf4 48. Nd1 e5 49. dxe5 Rxe5 50. Rf8 Re2+ 51. Kg1 Rg5 52. Rh7
Kf3 53. Nde3 g3 54. Nxf5 1-0

[Event "CAN-ch w"]
[Site "Toronto CAN"]
[Date "2023.04.08"]
[Round "5.6"]
[White "Ambilwade, Ojal"]
[Black "Li, Yeeshuen"]
[Result "1-0"]
[WhiteElo "1535"]
[BlackElo "1078"]
[PlyCount "123"]
[EventDate "2023.04.06"]
[EventType "swiss"]
[EventRounds "9"]
[EventCountry "CAN"]

1. c4 e5 2. Nc3 Nf6 3. Nf3 Nc6 4. e3 d5 5. d4 Bg4 6. dxe5 Nxe5 7. cxd5 Bb4 8.
Qa4+ Qd7 9. Bb5 c6 10. dxc6 Bxc3+ 11. bxc3 Nxc6 12. Ne5 Qc8 13. Nxc6 a6 14.
Nd4+ axb5 15. Qxb5+ Bd7 16. Qe5+ Kd8 17. Bb2 Qc4 18. a3 Qd5 19. Qxd5 Nxd5 20.
O-O Rc8 21. Rfc1 Nb6 22. Rab1 Nc4 23. Ba1 Rc7 24. Rb3 Ke7 25. Bb2 Ra8 26. h3
Nxb2 27. Rxb2 Rxa3 28. c4 Ra8 29. Rcb1 Rxc4 30. Rxb7 Rac8 31. Nf5+ Kd8 32. Nxg7
Rh4 33. Rd1 Rc7 34. Rxc7 Kxc7 35. Rd5 Kc6 36. Rh5 Rxh5 37. Nxh5 Bf5 38. g4 Bg6
39. Nf4 Bb1 40. Kg2 Kd6 41. Kg3 Ke5 42. Nh5 Ke4 43. Nf6+ Ke5 44. g5 Bg6 45. f4+
Kf5 46. e4+ Ke6 47. h4 h6 48. h5 hxg5 49. fxg5 Bxh5 50. Nxh5 Ke7 51. Kf4 Ke6
52. Ng7+ Ke7 53. Kf5 Kf8 54. Kf6 Kg8 55. Nf5 Kf8 56. Nd6 Kg8 57. Nxf7 Kh7 58.
g6+ Kg8 59. Nh6+ Kh8 60. g7+ Kh7 61. g8=Q+ Kxh6 62. Qh8# 1-0

[Event "CAN-ch w"]
[Site "Toronto CAN"]
[Date "2023.04.08"]
[Round "5.7"]
[White "Guan, Isabelle"]
[Black "Zhong, April"]
[Result "1-0"]
[WhiteElo "1221"]
[BlackElo "1894"]
[PlyCount "69"]
[EventDate "2023.04.06"]
[EventType "swiss"]
[EventRounds "9"]
[EventCountry "CAN"]

1. e4 e6 2. d4 d5 3. Nc3 Nf6 4. Bg5 dxe4 5. Nxe4 Nbd7 6. Nf3 Be7 7. Nc3 O-O 8.
Bd3 b6 9. Qd2 Bb7 10. a3 c5 11. Qe3 Rc8 12. O-O Re8 13. Rad1 cxd4 14. Nxd4 Nd5
15. Qh3 Nf8 16. Bxe7 Qxe7 17. Rfe1 Nf4 18. Qg4 Qf6 19. Ndb5 Rc5 20. h4 Nxg2 21.
Ne4 Bxe4 22. Rxe4 Nxh4 23. Qxh4 Qf3 24. Qg4 Qf6 25. Kf1 Rf5 26. Qg2 Ng6 27. Nd6
Rg5 28. Nxe8 Qf5 29. Qh2 Qf3 30. Rde1 Rh5 31. Be2 Qxe4 32. Bxh5 Qc4+ 33. Be2
Qc6 34. Rd1 Qxe8 35. Qc7 1-0

[Event "CAN-ch w"]
[Site "Toronto CAN"]
[Date "2023.04.08"]
[Round "5.8"]
[White "Fiset, Anais Chloe"]
[Black "Guan, Marie"]
[Result "1-0"]
[WhiteElo "1634"]
[BlackElo "1083"]
[PlyCount "55"]
[EventDate "2023.04.06"]
[EventType "swiss"]
[EventRounds "9"]
[EventCountry "CAN"]

1. e4 e6 2. d4 d5 3. Nd2 Nf6 4. e5 Nfd7 5. Bd3 c5 6. c3 Nc6 7. Ne2 Qb6 8. Nf3
Be7 9. O-O f6 10. exf6 Bxf6 11. Re1 O-O 12. Bb1 Be7 13. Qd3 g6 14. Nf4 Rf6 15.
Nxe6 cxd4 16. Nexd4 Nxd4 17. Nxd4 Bc5 18. Bc2 Qc7 19. Bb3 Bd6 20. Bxd5+ Kh8 21.
Re8+ Nf8 22. Bg5 Bxh2+ 23. Kf1 Rf7 24. Bxf7 Qxf7 25. Re7 Qd5 26. Bf6+ Kg8 27.
Rg7+ Kh8 28. Rxg6# 1-0

[Event "CAN-ch w"]
[Site "Toronto CAN"]
[Date "2023.04.08"]
[Round "5.9"]
[White "Sreekumar, Gayathri"]
[Black "Qian, Ashley"]
[Result "0-1"]
[WhiteElo "974"]
[BlackElo "1784"]
[PlyCount "110"]
[EventDate "2023.04.06"]
[EventType "swiss"]
[EventRounds "9"]
[EventCountry "CAN"]

1. d4 d5 2. c4 e6 3. Nf3 Nf6 4. g3 Be7 5. Bg2 c6 6. O-O O-O 7. Nbd2 Nbd7 8. Qc2
Re8 9. Rd1 Qc7 10. b3 h6 11. Bb2 Bd6 12. Qc3 e5 13. c5 exd4 14. Nxd4 Bxc5 15.
e3 Bf8 16. Re1 Qd8 17. e4 dxe4 18. Nxe4 Nxe4 19. Bxe4 Nf6 20. Bg2 Rxe1+ 21.
Rxe1 Qb6 22. a4 Bb4 23. Qd3 Bxe1 24. Qe2 Bb4 25. Qe5 Bf8 26. Bc3 Qd8 27. Nf5
Bxf5 28. Qxf5 Qd7 29. Bh3 Qxf5 30. Bxf5 Nd5 31. Bd2 Bb4 32. Bxb4 Nxb4 33. Kf1
Re8 34. f4 Re3 35. Kf2 Rxb3 36. g4 Ra3 37. g5 hxg5 38. fxg5 Rxa4 39. h4 g6 40.
Bb1 Nd5 41. Kg3 a5 42. Kh3 Rb4 43. Bc2 a4 44. Bxa4 Rxa4 45. Kg3 b5 46. Kf3 Rxh4
47. Ke2 Rc4 48. Kd3 Nb6 49. Kd2 b4 50. Ke1 b3 51. Kf2 b2 52. Kf3 b1=Q 53. Kg3
Qd3+ 54. Kf2 Rc2+ 55. Ke1 Qe2# 0-1

[Event "CAN-ch w"]
[Site "Toronto CAN"]
[Date "2023.04.08"]
[Round "5.10"]
[White "Shtepa, Luba"]
[Black "Lillico, Margarita"]
[Result "1-0"]
[WhiteElo "903"]
[BlackElo "1026"]
[PlyCount "144"]
[EventDate "2023.04.06"]
[EventType "swiss"]
[EventRounds "9"]
[EventCountry "CAN"]

1. e4 e5 2. Nf3 d6 3. Bc4 h6 4. O-O Nf6 5. d3 a6 6. Nc3 Nbd7 7. Be3 Be7 8. Qd2
Ng4 9. Rad1 Nxe3 10. Qxe3 Nb6 11. Bb3 Bg4 12. Rd2 Bxf3 13. Qxf3 O-O 14. Ne2 Bg5
15. Rdd1 c5 16. c3 a5 17. d4 c4 18. Bc2 Bf6 19. dxe5 Bxe5 20. Rd2 Qg5 21. Rfd1
Rad8 22. Nd4 Qh4 23. h3 Rfe8 24. Nf5 Qf6 25. Qe3 Nc8 26. Ba4 Re6 27. Bb5 d5 28.
Rxd5 Rxd5 29. Rxd5 Nd6 30. Bd7 Nxf5 31. exf5 Bh2+ 32. Kxh2 Rxe3 33. fxe3 Qg5
34. Rd4 b5 35. Bxb5 Qxe3 36. Bxc4 Kf8 37. Bb3 Qe5+ 38. g3 Qxf5 39. Rd1 Qf2+ 40.
Kh1 Qxg3 41. c4 Qxh3+ 42. Kg1 Qe3+ 43. Kf1 Qh3+ 44. Ke2 Qh2+ 45. Kd3 Qxb2 46.
c5 Qa3 47. Ke4 Qb4+ 48. Kd5 a4 49. Bc4 Ke7 50. Rd3 f6 51. a3 Qe1 52. c6 Qe6+
53. Kc5 Qe5+ 54. Kb6 Qb8+ 55. Ka5 Qa7+ 56. Kb5 Qb8+ 57. Kxa4 f5 58. Rd7+ Kf6
59. Bb5 Qa8+ 60. Kb4 f4 61. c7 Qc8 62. Kc5 f3 63. Kc6 Qa8+ 64. Kb6 Qe8 65. Rd6+
Qe6 66. Rxe6+ Kxe6 67. c8=Q+ Ke5 68. Qc3+ Kf5 69. Bc6 g5 70. Qxf3+ Ke6 71. a4
Ke5 72. a5 Kd4 1-0

[Event "CAN-ch w"]
[Site "Toronto CAN"]
[Date "2023.04.09"]
[Round "6.1"]
[White "Ruchinskaya, Valerie"]
[Black "D'Souza, Carina"]
[Result "1-0"]
[WhiteElo "1875"]
[BlackElo "1901"]
[PlyCount "117"]
[EventDate "2023.04.06"]
[EventType "swiss"]
[EventRounds "9"]
[EventCountry "CAN"]

1. d4 Nf6 2. Bf4 g6 3. Nc3 d5 4. Qd2 Bg7 5. Bh6 O-O 6. Bxg7 Kxg7 7. O-O-O Bf5
8. f3 h5 9. e3 Na6 10. Nge2 c5 11. Ng3 Be6 12. e4 cxd4 13. Qxd4 dxe4 14. Bxa6
bxa6 15. Ngxe4 Qa5 16. Qc5 Qxc5 17. Nxc5 Bc8 18. Nd5 Nxd5 19. Rxd5 Bf5 20. Nxa6
Rfc8 21. Rc5 Kf6 22. Re1 g5 23. c3 e6 24. b4 Rg8 25. Rd1 g4 26. g3 gxf3 27. Rf1
Bg4 28. h3 Bxh3 29. Rxf3+ Bf5 30. Rc7 Rg7 31. Nc5 e5 32. Nd7+ Ke6 33. Nxe5 Kxe5
34. Rc5+ Ke4 35. Rfxf5 Rxg3 36. Rxh5 f5 37. Rhxf5 Rxc3+ 38. Rxc3 Kxf5 39. Rd3
a5 40. b5 Ke4 41. Rd6 a4 42. Kb2 Rb8 43. Ka3 Ke5 44. Rh6 Kd4 45. Kxa4 Kc5 46.
Rc6+ Kd5 47. Kb4 Rh8 48. a4 Rh1 49. Ka5 Ra1 50. Rc2 Kd6 51. b6 Kd7 52. b7 Rb1
53. Ka6 Rb4 54. a5 Rb3 55. Ka7 Rb5 56. b8=Q Rxa5+ 57. Kb6 Ra1 58. Rd2+ Ke7 59.
Qe5+ 1-0

[Event "CAN-ch w"]
[Site "Toronto CAN"]
[Date "2023.04.09"]
[Round "6.2"]
[White "Demchenko, Svitlana"]
[Black "Jiang, Hancy"]
[Result "1-0"]
[WhiteElo "2320"]
[BlackElo "1803"]
[PlyCount "95"]
[EventDate "2023.04.06"]
[EventType "swiss"]
[EventRounds "9"]
[EventCountry "CAN"]

1. d4 Nf6 2. Bf4 g6 3. Nc3 d5 4. e3 Bg7 5. Nb5 Na6 6. Nf3 O-O 7. h3 b6 8. Be2
c6 9. Nc3 Bb7 10. O-O c5 11. Re1 Nb8 12. Ne5 Nbd7 13. Bf3 Rc8 14. Qe2 a6 15.
Rad1 e6 16. Nb1 Nxe5 17. Bxe5 Qe7 18. c3 Rfd8 19. Nd2 Ne4 20. Bxg7 Kxg7 21.
Bxe4 dxe4 22. dxc5 Rxc5 23. Nb3 Rcd5 24. Rd4 e5 25. Rxd5 Rxd5 26. c4 Rd3 27. c5
bxc5 28. Qc2 c4 29. Nc1 Rd5 30. Qxc4 Qc5 31. Qb3 Qb5 32. Qc2 Qb4 33. Re2 a5 34.
a3 Qd6 35. Re1 Rc5 36. Qb1 Ba6 37. Nb3 Bd3 38. Qa1 Rb5 39. Nc1 Bc2 40. Na2 Qb6
41. b4 Rd5 42. bxa5 Rxa5 43. Nb4 Bd3 44. Rc1 Kh6 45. Nc6 Ra4 46. Nxe5 f5 47.
Nf7+ Kh5 48. Qg7 1-0

[Event "CAN-ch w"]
[Site "Toronto CAN"]
[Date "2023.04.09"]
[Round "6.3"]
[White "Deepak, Laksshana"]
[Black "Ambilwade, Ojal"]
[Result "1/2-1/2"]
[WhiteElo "1792"]
[BlackElo "1535"]
[PlyCount "104"]
[EventDate "2023.04.06"]
[EventType "swiss"]
[EventRounds "9"]
[EventCountry "CAN"]

1. e4 c5 2. Nf3 d6 3. d4 cxd4 4. Nxd4 Nf6 5. Nc3 a6 6. f3 e6 7. g4 Nfd7 8. Be3
b5 9. Qd2 Bb7 10. O-O-O Be7 11. Bg2 Nb6 12. Bf1 N8d7 13. Nb3 O-O 14. Na5 Qc7
15. Bf4 e5 16. Be3 Bc8 17. Kb1 Nc5 18. h4 b4 19. Ne2 Nba4 20. Nb3 Rb8 21. Ng3
Be6 22. Nf5 Rfd8 23. h5 Bf8 24. h6 Bxf5 25. gxf5 g6 26. fxg6 hxg6 27. h7+ Kh8
28. Qh2 Nxb2 29. Kxb2 Nxb3 30. axb3 Qc3+ 31. Kb1 Qxe3 32. Bc4 Rd7 33. Rd3 Qb6
34. f4 exf4 35. Qxf4 Bg7 36. Rd5 Qd8 37. Rhd1 Rb6 38. Ra5 Qf6 39. Qxf6 Bxf6 40.
Rh1 Bc3 41. Kc1 Re7 42. Bd3 Re5 43. Ra4 d5 44. Bxa6 Rxe4 45. Be2 Rbe6 46. Ra8+
Re8 47. Rxe8+ Rxe8 48. Bf3 Ra8 49. Kd1 Ra1+ 50. Ke2 Rxh1 51. Bxh1 Kxh7 52. Bxd5
f5 1/2-1/2